000 00953nas a2200349 4500
001 BR2015001837
003 BR-BrBNA
005 20231205125226.0
007 ta
008 230509b bl.|||p| |||| 00| 00por d
040 _aBR-BrBNA
_bpor
_cBiblioteca Nacional de Agricultura
041 _a(En)
072 _aL02
100 1 _aUeno, R.K.
100 1 _aNeumann, M.
100 1 _aMarafon, F.
100 1 _aAmbrogi, M.
100 1 _aDaros, B.A.
100 1 _aPletz, E.
245 1 _aEffect of hay on performance of holstein calves at suckling and post-weaning
650 _aGADO HOLANDÊS
650 _aFERRO
650 _aAVEIA
650 _aAZEVÉM
650 _aALEITAMENTO
650 _aDESMAMA
650 _aPERFORMANCE
650 _aGANHO DE PESO
773 0 _tRevista Ceres (Brazil)
_xISSN 0034-737X
_g(Sep-Oct 2014), V. 61(5) p. 668-674
_wBR2015001837
909 _a202311
_bLúcia
_c55
_dLúcia Elande
942 _2AGRIS
_n0
_cANA
999 _c243312
_d243312